000 00909nam a2200265 a 4500
001 000022175
005 20200930011620.0
008 100917s1992 ve 000 |bspa d
020 _a9800103899
040 _aDO-SdBNP
_bspa
_cBNPHU
082 _a833.8
_bM939M
100 1 _aMörike, Eduard
_945879
245 1 0 _aMozart en su viaje a Praga /
_cEduard Mörike; traducción, Ana María Gathmann; prólogo, Edgardo Mondolfi; edición, Juan Luis Delmont.
260 _aCaracas, (Venezuela) :
_bMonte Avila Latinoamericana,
_c1992.
300 _a377 p. ;
_c18 cm.
490 1 _aMemorabilia
500 _aIncluye notas al pie de páginas
650 4 _aNovela alemana
_93302
650 4 _aLiteratura alemana
_93274
700 1 _aGathmann, Ana María
_etr.
_945880
700 1 _aMondolfi, Edgardo
_epról.
_938940
700 1 _aDelmont, Juan Luis
_eed.
_945881
830 0 _aMemorabilia
_945882
049 _aBNGR
999 _c21673
_d21673